• 首页
  • 本馆介绍
  • 公告通知
  • 最新文献
  • 馆藏检索
  • 电子资源
  • 读者导购
  • 参考咨询
  • 我的图书馆
  • 登录
  • 详细信息显示
  • 放入我的书架
  • 预约/预借图书
  • 作者相关作品
  • 分类相关作品
  • 丛书相关作品
  • 出版社相关作品

书目信息

  • 表格格式
  • 工作单格式
  • 卡片格式
题名:
马克思恩格斯自然资源思想及其在中国的发展运用研究
    
 
作者: 康月平, 著
分册:  
出版信息: 北京   光明日报出版社  2021.06
页数: 250页
开本: 24cm
丛书名: 马克思主义研究文库
单 册:
中图分类: A811.66 , F124.5
科图分类:
主题词: 马恩著作--ma en zhu zuo--自然资源--自然管理--研究 , 自然资源--zi ran zi yuan--自然管理--研究--中国
电子资源:
ISBN: 978-7-5194-6066-2
000 01641nam 2200313 450
001 CAL 004179051
005 20230217093111.0
010    @a978-7-5194-6066-2@b精装@dCNY95.00
100    @a20210918d2021 em y0chiy0120 ea
101 0  @achi
102    @aCN@b110000
105    @ay a 000yy
106    @ar
200 1  @a马克思恩格斯自然资源思想及其在中国的发展运用研究@Ama ke si en ge si zi ran zi yuan si xiang ji qi zai zhong guo de fa zhan yun yong yan jiu@f康月平著
210    @a北京@c光明日报出版社@d2021.06
215    @a250页@d24cm
225 2  @a马克思主义研究文库@Ama ke si zhu yi yan jiu wen ku
300    @a本著作是2012年度山西省哲学社会科学重点课题“马克思恩格斯自然资源观与山西资源转型” (晋规办字 [2012] 3号) 的相关研究成果 光明版
314    @a康月平, 女, 汉族, 中共党员, 1975年4月出生于山西省代县。2003年6月, 毕业于河北大学, 获法学硕士学位。2018年6月, 毕业于同济大学, 获法学博士学位。2003年至今, 在中北大学马克思主义学院任教。
320    @a有书目 (第230-248页)
330    @a本书挖掘和梳理了马克思恩格斯自然资源思想的逻辑起点、马克思恩格斯关于自然资源的概念、马克思恩格斯关于人与自然资源的关系、马克思恩格斯视野中的自然资源问题及其出路、马克思恩格斯自然资源思想的历史地位、马克思恩格斯自然资源思想在中国的运用和发展, 以及马克思恩格斯自然资源视域下的当代中国资源困境及其解决思路。
410  0 @12001 @a马克思主义研究文库
606 0  @a马恩著作@Ama en zhu zuo@x自然资源@x自然管理@x研究
606 0  @a自然资源@Azi ran zi yuan@x自然管理@x研究@y中国
690    @aA811.66@v5
690    @aF124.5@v5
701  0 @a康月平,@Akang yue ping@f1975-@4著
801  0 @aCN@bBJXHZP@c20230222
905    @b1379351-5@dA811.66@e411@f5
    
    马克思恩格斯自然资源思想及其在中国的发展运用研究/康月平著.-北京:光明日报出版社,2021.06
    250页;24cm.-(马克思主义研究文库)
    本著作是2012年度山西省哲学社会科学重点课题“马克思恩格斯自然资源观与山西资源转型” (晋规办字 [2012] 3号) 的相关研究成果 光明版
    
    ISBN 978-7-5194-6066-2(精装):CNY95.00
    本书挖掘和梳理了马克思恩格斯自然资源思想的逻辑起点、马克思恩格斯关于自然资源的概念、马克思恩格斯关于人与自然资源的关系、马克思恩格斯视野中的自然资源问题及其出路、马克思恩格斯自然资源思想的历史地位、马克思恩格斯自然资源思想在中国的运用和发展, 以及马克思恩格斯自然资源视域下的当代中国资源困境及其解决思路。
●
相关链接 在E读中查询图书 在五车中查询图书 在当当中查询图书 在豆瓣中查询图书


正题名:马克思恩格斯自然资源思想及其在中国的发展运用研究     索取号:A811.66/411         预约/预借

序号 登录号 条形码 馆藏地/架位号 状态 备注
1 1379351   213793518   第一样本阅览室/ [索取号:A811.66/411] 在馆    
2 1379352   213793527   第一借阅区/ [索取号:A811.66/411] 在馆    
3 1379353   213793536   第一借阅区/ [索取号:A811.66/411] 在馆    
4 1379354   213793545   第一借阅区/ [索取号:A811.66/411] 在馆    
5 1379355   213793554   第一借阅区/ [索取号:A811.66/411] 在馆    
唐山师范学院图书馆 欢迎您!
大连网信软件有限公司© 版权所有